El palacio Orleans-Borbón de Sanlúcar de Barrameda / (Record no. 91991)

MARC details
000 -LEADER
campo de control de longitud fija 00847nam a2200217 i 4500
001 - NÚMERO DE CONTROL
campo de control 91991
003 - IDENTIFICADOR DE NÚMERO DE CONTROL
campo de control ES-MaACL
005 - FECHA Y HORA DE LA ÚLTIMA TRANSACCIÓN
campo de control 20230906180854.0
007 - CAMPO FIJO DE DESCRIPCIÓN FÍSICA--INFORMACIÓN GENERAL
campo de control de longitud fija t|
008 - DATOS DE LONGITUD FIJA--INFORMACIÓN GENERAL
campo de control de longitud fija 050315s1989 sp ||||1| spa d
020 ## - NÚMERO INTERNACIONAL ESTÁNDAR DEL LIBRO
Número Internacional Estándar del Libro 84-505-8646-1
080 ## - NÚMERO DE LA CLASIFICACIÓN DECIMAL UNIVERSAL
Número de la Clasificación Decimal Universal 728.82(460.355 Sanlúcar de Barrameda)"1625"
245 03 - MENCIÓN DEL TÍTULO
Título El palacio Orleans-Borbón de Sanlúcar de Barrameda /
Mención de responsabilidad, etc. [planimetría, Domingo Fernández... (et al.) ; coordinación, Ana Gómez Díaz].
260 ## - PUBLICACIÓN, DISTRIBUCIÓN, ETC.
Lugar de publicación, distribución, etc. Sanlúcar Barrameda :
Nombre del editor, distribuidor, etc. Ayuntamiento, Escuela-Taller "Tartessos",
Fecha de publicación, distribución, etc. [1989]
300 ## - DESCRIPCIÓN FÍSICA
Extensión 213 p. :
Otras características físicas il. col. ;
Dimensiones 21x26 cm.
650 #4 - PUNTO DE ACCESO ADICIONAL DE MATERIA--TÉRMINO DE MATERIA
Término de materia o nombre geográfico como elemento de entrada Arquitectura española-
Subdivisión cronológica S.XVII.
9 (RLIN) 10022
651 #4 - PUNTO DE ACCESO ADICIONAL DE MATERIA--NOMBRE GEOGRÁFICO
Nombre geográfico Palacio Orleans-Borbón (Sanlúcar de Barrameda)-
Subdivisión general Historia.
9 (RLIN) 9189
700 1# - ENTRADA AGREGADA--NOMBRE PERSONAL
Nombre de persona Fernández, Domingo.
9 (RLIN) 49352
700 1# - ENTRADA AGREGADA--NOMBRE PERSONAL
Nombre de persona Gómez Díaz, Ana.
9 (RLIN) 57934
852 ## - LOCALIZACIÓN
Ubicación ES-MaACL
Número de control de estantería E-10812
Sublocalización o colección R.135634
Holdings
Estatus retirado Estado de pérdida Estado de daño No para préstamo Biblioteca de origen Biblioteca actual Ubicación en estantería Fecha de adquisición Fuente de adquisición Total de préstamos Signatura topográfica completa Código de barras Visto por última vez Precio de reemplazo Tipo de ítem Koha
        Biblioteca del Ateneo de Madrid Biblioteca del Ateneo de Madrid Depósito 2 17/01/2008     E-10812 1096050 23/02/2023 23/02/2023 Libro impreso